Statistics for States that border Arizona

Click here to take the quiz!

General Stats

  • This quiz has been taken 322 times
  • The average score is 5 of 5

Answer Stats

HintAnswer% Correct
1California
100%
4New Mexico
99%
3Nevada
96%
2Colorado
95%
5Utah
93%

Score Distribution

Percentile by Number Answered

Percent of People with Each Score

Your Score History

You have not taken this quiz